Effects of legume tree density on net primary productivity of rice: a lower inorganic approach towards sustainabile agroforestry / (Record no. 18264)

MARC details
000 -LEADER
fixed length control field 01234nam a22002897a 4500
001 - CONTROL NUMBER
control field BD-DhSAU 9278
003 - CONTROL NUMBER IDENTIFIER
control field BD-DhSAU
005 - DATE AND TIME OF LATEST TRANSACTION
control field 20260202153758.0
008 - FIXED-LENGTH DATA ELEMENTS--GENERAL INFORMATION
fixed length control field 150613b2018 bg a|||| m||| 00| 0 eng d
040 ## - CATALOGING SOURCE
Original cataloging agency BD-DhSAU
082 ## - DEWEY DECIMAL CLASSIFICATION NUMBER
Edition number 22
Classification number 634.9
Item number Ay25
100 ## - MAIN ENTRY--PERSONAL NAME
Personal name TAMANNA, AYESHA
Relator term Registration # 17-07692
245 ## - TITLE STATEMENT
Title Effects of legume tree density on net primary<br/>productivity of rice: a lower inorganic approach <br/>towards sustainabile agroforestry /<br/><br/><br/> <br/><br/><br/><br/><br/> <br/><br/>
Remainder of title MS thesis
260 ## - PUBLICATION, DISTRIBUTION, ETC. (IMPRINT)
Place of publication, distribution, etc. Sher-e-Bangla Agricultural University :
Name of publisher, distributor, etc. Department of Agroforestry and environmental science,
Date of publication, distribution, etc. 2024.
300 ## - PHYSICAL DESCRIPTION
Extent vii, 37p. :
Other physical details ill. ;
Dimensions 30 cm.
500 ## - GENERAL NOTE
General note MS thesis of Department of agroforestry and environmental science, Faculty of Agriculture, Sher-e-Bangla Agricultural University, Dhaka, Bangladesh
504 ## - BIBLIOGRAPHY, ETC. NOTE
Bibliography, etc Includes bibliographical reference.
590 ## - Name of Cataloguer
Name of Cataloger Nazmul
650 ## - SUBJECT ADDED ENTRY--TOPICAL TERM
Topical term or geographic name as entry element legume tree density
650 ## - SUBJECT ADDED ENTRY--TOPICAL TERM
Topical term or geographic name as entry element net primary productivity of rice
651 ## - SUBJECT ADDED ENTRY--GEOGRAPHIC NAME
Geographic name inorganic approach towards
654 ## - SUBJECT ADDED ENTRY--FACETED TOPICAL TERM
Focus term sustainabile agroforestry
700 ## - ADDED ENTRY--PERSONAL NAME
Personal name Assico. Prof. Dr. Md. Shahariar Jaman
Relator term Superviser
700 ## - ADDED ENTRY--PERSONAL NAME
Personal name Prof. Dr. Jubayer-Al-Mahmud
Relator term Co-superviser
942 ## - ADDED ENTRY ELEMENTS (KOHA)
Source of classification or shelving scheme Dewey Decimal Classification
Koha item type MS Level Thesis
Holdings
Withdrawn status Lost status Source of classification or shelving scheme Damaged status Not for loan Collection code Home library Branch Name Date acquired Total Checkouts Full call number Barcode Date last seen Price effective from Koha item type
    Dewey Decimal Classification   Not For Loan Reference SAU Library SAU Library 02/02/2026   634.9 Ay25 46137 02/02/2026 02/02/2026 MS Level Thesis